Most Guessed Capitals on JetPunk (English, Spanish, French) - Statistics

General Stats
  • This quiz has been taken 300 times
    177 since last reset
  • The average score is 23 of 31
Answer Stats
Capital City % Correct
Paris
100%
London
98%
Washington D.C.
98%
Madrid
97%
Moscow
92%
Rome
92%
Berlin
91%
Tokyo
90%
Mexico City
88%
Lisbon
87%
Beijing
86%
Brasilia
83%
Amsterdam
81%
Buenos Aires
81%
Dublin
76%
Oslo
76%
Brussels
75%
New Delhi
75%
Athens
74%
Bern
69%
Vienna
68%
Copenhagen
61%
Helsinki
61%
Lima
60%
Santiago
60%
Budapest
52%
Luxembourg
45%
Caracas
43%
Vatican City
40%
Monaco
37%
Sofia
21%
No matching quizzes found
Score Distribution
Percent of People with Each Score
Percentile by Number Answered
Your Score History
You have not taken this quiz since the last reset